| 000 | 01947nmb a2200265 i 4500 | ||
|---|---|---|---|
| 001 | 194004 | ||
| 003 | ES-MaACL | ||
| 005 | 20240524063018.0 | ||
| 008 | 240315e2013 sp ||||| |||| 00| 0 spa d | ||
| 040 |
_bspa _cES-MaACL |
||
| 100 | 1 |
_9235590 _aGonzález Reboredo, Xosé M., _d1946- _eaut |
|
| 245 |
_aRecuperación de las respuestas perdidas de Mondoñedo a la Información del Ateneo de Madrid _h[Recurso electrónico] / _cXosé Manuel González Reboredo |
||
| 260 |
_a[Madrid] : _bAnales del Museo Nacional de Antropología, _c2013 |
||
| 300 | _aP. 239-279 | ||
| 336 |
_2rdacontent _atexto |
||
| 337 |
_2rdamedia _asin mediación |
||
| 338 |
_2rdacarrier _avolumen |
||
| 500 | _aArtículo de Xosé M. González Reboredo sobre las respuestas de Mondoñedo para la Información sobre costumbres del Ateneo de Madrid (1901-1902), publicado en la revista "Anales del Museo Nacional de Antropología", ISSN 1135-1853, 2013, n. 15, p. 239-279 | ||
| 520 | _aEste escrito trata de las respuestas de Mondoñedo para la Información sobre costumbres de nacimiento, casamiento y muerte del Ateneo de Madrid (1901-1902), todas perdidas menos una, y recientemente recuperadas gracias a una copia conservada en el Archivo de la Real Academia Galega. Se incluyen referencias sobre el corresponsal que respondió, el médico y poeta Manuel Leiras Pulpeiro (1854-1912), ocasionalmente folclorista y lexicógrafo, información de las circunstancias del descubrimiento y algunos comentarios relacionados con estas respuestas. Se reproduce la copia del texto guardada en La Coruña | ||
| 610 | 2 | 4 |
_91917 _aAteneo de Madrid- _xEncuesta de 1901-1902 |
| 651 | 0 |
_9235591 _aMondoñedo- _xUsos y costumbres |
|
| 856 |
_uhttps://www.libreria.cultura.gob.es/libro/anales-del-museo-nacional-de-antropologia-xv-2013_4432/ _yVersión en línea _z(Anales del Museo Nacional de Antropología, 2013, n. 15) |
||
| 942 |
_2udc _n0 _cANAB |
||
| 999 |
_c194004 _d194004 |
||